Statistieken voor Kosovo Trivia Quiz

Klik hier om de quiz te nemen!

Algemene statistieken

  • Deze quiz is 207 keer genomen
  • De gemiddelde score is 9 van 14

Antwoordstatistieken

HintAntwoord% Correct
Land dat Kosovo claimtServië
96%
Religie van 96% van de KosovarenIslam
91%
Hoofdstad van KosovoPristina
90%
Rijk waar Kosovo deel van uitmaakte van 1455 tot 1912Ottomaanse Rijk
84%
Jaar waarin Kosovo zich onafhankelijk verklaarde van het bovenstaande2008
82%
Kosovo is een van de slechts drie officiële "JetPunk" -landen die geen lid zijn van deze organisatieVerenigde Naties
79%
Valuta die wordt gebruikt door KosovoEuro
76%
Kosovo is het op twee na ____ land van Europa, na Moldavië en OekraïneArmste
74%
Engelse popzangeres van "New Rules" wiens ouders kort voor haar geboorte uit Kosovo emigreerdenDua Lipa
57%
Grootste etnische groep en meest gesproken taalAlbanees
50%
Een deel van Kosovo dat zich soms van Kosovo af wilde scheiden{Noord}-Kosovo
43%
Hoeveel VN-landen erkennen Kosovo?98
38%
Op één na grootste stadPrizren
38%
Koninkrijk waarvan het grondgebied het huidige Kosovo omvatte voordat het in 28 voor Christus door Rome werd veroverdDardania
23%

Scoreverdeling

Percentiel versus Aantal Correcte Antwoorden

Procent van Mensen met Elke Score

Uw Scoregeschiedenis

U heeft deze quiz nog niet genomen